• 首页
  • 本馆介绍
  • 公告通知
  • 最新文献
  • 馆藏检索
  • 电子资源
  • 读者导购
  • 参考咨询
  • 我的图书馆
  • 登录
  • 详细信息显示
  • 放入我的书架
  • 预约/预借图书
  • 作者相关作品
  • 分类相关作品
  • 丛书相关作品
  • 出版社相关作品

书目信息

  • 表格格式
  • 工作单格式
  • 卡片格式
题名:
模d缩族质合表与其显示的k生素数
    
 
作者: 蔡书军 著
分册:  
出版信息: 西安   西北工业大学出版社  2016.11
页数: 657页
开本: 26cm
丛书名:
单 册:
中图分类: O1-641
科图分类:
主题词: 质数--数学表
电子资源:
ISBN: 978-7-5612-5109-6
000 00960nam0 2200229 450
001 0400004854
005 20171025105219.0
010    @a978-7-5612-5109-6@dCNY128.00
100    @a20170215d2016 em y0chiy50 ea
101 0  @achi
102    @aCN@b610000
105    @ay z 000yy
106    @ar
200 1  @a模d缩族质合表与其显示的k生素数@9mo d suo zu zhi he biao yu qi xian shi de k sheng su shu@f蔡书军著
210    @a西安@c西北工业大学出版社@d2016.11
215    @a657页@d26cm
330    @a本书介绍了如何编制和应用系列型的模d缩族质合表低耗高效筛选素数和依次不漏地搜寻等差d素数列等k生素数的方法。为此,应用筛法建立了模d缩族质合表的概念和编制方法,着重讨论了该表的数学原理、共性优点、独特功能与应用方法,提出了一系列关于k生素数的有趣猜测,揭示了模d缩族质合表与其显示的k生素数之间天然而奇妙的联系。
606 0  @a质数@x数学表
690    @aO1-641@v5
701  0 @a蔡书军@9cai shu jun@4著
801  0 @aCN@b91MARC@c20171025
905    @b1039636-9@dO1-641@f4@e494
    
    模d缩族质合表与其显示的k生素数/蔡书军著.-西安:西北工业大学出版社,2016.11
    657页;26cm
    
    
    ISBN 978-7-5612-5109-6:CNY128.00
    本书介绍了如何编制和应用系列型的模d缩族质合表低耗高效筛选素数和依次不漏地搜寻等差d素数列等k生素数的方法。为此,应用筛法建立了模d缩族质合表的概念和编制方法,着重讨论了该表的数学原理、共性优点、独特功能与应用方法,提出了一系列关于k生素数的有趣猜测,揭示了模d缩族质合表与其显示的k生素数之间天然而奇妙的联系。
●
相关链接 在E读中查询图书 在五车中查询图书 在当当中查询图书 在豆瓣中查询图书


正题名:模d缩族质合表与其显示的k生素数     索取号:O1-641/494         预约/预借

序号 登录号 条形码 馆藏地/架位号 状态 备注
1 1039636   210396365   第二样本阅览室/ [索取号:O1-641/494] 在馆    
2 1039637   210396374   密集书库-数信学院/ [索取号:O1-641/494] 在馆    
3 1039638   210396383   第三借阅区/ [索取号:O1-641/494] 在馆    
4 1039639   210396392   第三借阅区/ [索取号:O1-641/494] 在馆    
唐山师范学院图书馆 欢迎您!
大连网信软件有限公司© 版权所有